Представление документа в формате RUSMARC

ПолеНазваниеЗначение
  Тип записи a
  Библиографический уровень a
001 Контрольный номер b8526c08a6a247dbb95153ae0f47af39
005 Дата корректировки 20260226105241.7
100 Данные общей обработки __
a Данные общей обработки 20260226 ||| 0rusy0189 ca
101 Язык документа 0_
a Язык текста rus
102 Страна публикации __
a Страна публикации RU
200 Заглавие и сведения об ответственности 1_
a Заглавие Салат "Дружба"
e Сведения, относящиеся к заглавию [рецепт салата с курицей и ананасом]
f Первые сведения об ответственности М. Тимянская
461 Уровень набора _0
1 2000
a Маруся
463 Уровень физической единицы _0
1 2000
a № 1 (393)
v 3 стр. обл.
1 2101
d 2026
1 00181c752d22ded453cbee866e81cfbcc92
606 Тематические рубрики 0_
a Основная рубрика Приготовление отдельных блюд
610 Ключевые слова 0_
a Ключевые слова рецепты салатов, холодные блюда, холодные закуски, салаты с курицей, салаты с ананасами, куриное филе, консервированные ананасы
686 Индексы других классификаций __
a Классификационный индекс 36.991
700 Автор _1
a Фамилия Тимянская
b Имя (инициалы) М.
g Полное личное имя Мария
801 Источник записи _0
a Страна RU
b Организация УОБДЮ
c Дата составления 20260226
g Правила каталогизации RCR
801 Источник записи _1
a Страна RU
b Организация УОБДЮ
c Дата составления 20260226
g Правила каталогизации RCR
901 Тип документа __
t Тип документа b
w Контрольный № источника 81c752d22ded453cbee866e81cfbcc92
905 Данные по созданию БЗ __
b Логин пользователя, который создал БЗ ibo4
909 Создатель записи __
a Создатель записи Бобылёва И.В.
910 Корректоры записи __
a Корректор записи Бобылёва И.В.